Estado actual del programa cóndor andino en Colombia evaluación de la población silvestre de cóndor andino (Vultur gryphus), en la Sierra Nevada de Santa Marta (Registro nro. 1695)

Detalles MARC
000 -CABECERA
Campo de control 01187nam a2200289 a 4500
005 - FECHA Y HORA DE LA ULTIMA TRANSACCION
Campo de control 20200104041523.0
008 - ELEMENTOS DE LONGITUD FIJA—INFORMACION GENERAL
Campo de control 140120b1997 ck ||||| |||| 00| 0 spa d
041 ## - IDIOMA
Código de idioma para texto/pista de sonido o título separado Español
044 ## - PAÍS DE PUBLICACIÓN
País de publicación Colombia
090 ## - CLASIFICACIÓN LOCAL
Colección IAvH
Consecutivo 00060
100 ## - ASIENTO PRINCIPAL--NOMBRE PERSONAL
Nombre personal Feliciano Cáceres, José Orlando
245 ## - MENCION DE TITULO
Título Estado actual del programa cóndor andino en Colombia evaluación de la población silvestre de cóndor andino (Vultur gryphus), en la Sierra Nevada de Santa Marta
260 ## - PUBLICACION, DISTRIBUCION, ETC. (PIE DE IMPRENTA)
Lugar de publicación, distribución, etc. Villa de Leyva (Boyacá)
Nombre del editor, distribuidor, etc. Instituto Alexander von Humboldt
-- Biocolombia
-- Conservation International Colombia
Fecha de publicación, distribución, etc. 1997
300 ## - DESCRIPCION FISICA
Extensión 135.p
505 ## - NOTA DE CONTENIDO
Nota de contenido Vol. 1: Informe final de las actividades realizadas hasta agosto de 1997
650 ## - ASIENTO SECUNDARIO DE MATERIA - TERMINO TEMATICO
Término temático o nombre geográfico como elemento de entrada Proyecto Condor Andino (Colombia)
650 ## - ASIENTO SECUNDARIO DE MATERIA - TERMINO TEMATICO
Término temático o nombre geográfico como elemento de entrada Ecología de poblaciones
650 ## - ASIENTO SECUNDARIO DE MATERIA - TERMINO TEMATICO
Término temático o nombre geográfico como elemento de entrada Conservación de biodiversidad
650 ## - ASIENTO SECUNDARIO DE MATERIA - TERMINO TEMATICO
Término temático o nombre geográfico como elemento de entrada Resultados
700 ## - ASIENTO SECUNDARIO - NOMBRE PERSONAL
Nombre personal Acosta, Alberto
700 ## - ASIENTO SECUNDARIO - NOMBRE PERSONAL
Nombre personal Feliciano Cáceres, José Orlando
700 ## - ASIENTO SECUNDARIO - NOMBRE PERSONAL
Nombre personal Orozco Rey, Ramón Hernando
700 ## - ASIENTO SECUNDARIO - NOMBRE PERSONAL
Nombre personal Rodríguez Moreno, Javier
700 ## - ASIENTO SECUNDARIO - NOMBRE PERSONAL
Nombre personal Rodríguez Niño, Oscar Alfonso
700 ## - ASIENTO SECUNDARIO - NOMBRE PERSONAL
Nombre personal Salazar, Marcela
942 ## - ELEMENTOS ADICIONALES (KOHA)
Tipo de ítem Informe Técnico
Sistema de clasificación Local
Koha issues (borrowed), all copies 1
Existencias
Withdrawn status Lost status Sistema de Clasificación Damaged status No para préstamo Colección Inventariado Ubicación Permanente Ubicación actual Fecha de adquisición Fuente de Valor Total Checkouts Número topográfico Inventario / Código de Barras Date last seen Date checked out Ejemplar Price effective from Forma de adquisición Tipo de material
    Local     Humboldt Inventariado 2017 Bogotá Bogotá 13/02/1998 CID Humboldt 1 IAvH-00060 003971 09/08/2024 07/03/2014 V. 1 Ej. 1 04/12/2012   Informe Técnico